00633nam a2200193Ia 450000500170000000800410001702000180005804100120007608200130008810000160010124501060011726000540022330000210027765000310029865000330032965000250036270000190038770000330040620260429112000.0260429s9999||||xx |||||||||||||| ||und|| a9798886130782 aEnglish a628bSIN aSingh, D.N. 0aEnvironmental geotechnology : bmeeting challenges through needs-based instrumentation / cD.N. Singh aSingapore : bWorld Scientific Publishing,c2024. alix, 800 p.; pbk a Environmental engineering a Environmental geotechnology aSanitary engineering a Asadi, Afshin a Naga Sai, Goli Venkata Siva